Países que Já Disputaram Futebol nas Olímpiadas - Statistics

Estatísticas Gerais
  • Esse quiz foi jogado 58 vezes
  • A pontuação média é 61 de 90
Estatísticas das Respostas
N.º País Melhor Resultado Útima Aparição % Correto
14 Brasil Ouro (2x) 2020
100%
10 Argentina Ouro (2x) 2024
98%
12 Japão Bronze 2024
98%
11 Espanha Ouro (2x) 2024
96%
15 Estados Unidos Prata 2024
94%
14 França Ouro 2024
94%
12 México Ouro 2020
94%
3 Uruguai Ouro (2x) 2012
94%
8 Austrália 4º Lugar 2020
92%
3 Canadá Ouro 1984
92%
5 China Primeira Fase 2008
92%
15 Itália Ouro 2008
92%
10 Alemanha Prata 2020
90%
11 Coreia do Sul 4º Lugar 2020
90%
8 Marrocos Bronze 2024
90%
4 Portugal 4º Lugar 2016
90%
1 Rússia Quartas 1912
90%
4 Chile Bronze 2000
88%
12 Egito 4º Lugar 2024
88%
10 Reino Unido Ouro (3x) 2012
88%
10 Suécia Ouro 2016
88%
5 Colômbia Quartas 2016
87%
4 Nova Zelândia Quartas 2020
87%
3 África do Sul Primeira Fase 2020
85%
7 Nigéria Ouro 2016
85%
1 Venezuela Primeira Fase 1980
85%
5 Bélgica Ouro 2008
83%
5 Noruega Bronze 1984
83%
3 Paraguai Prata 2024
83%
7 Polônia Ouro 1992
83%
3 Arábia Saudita Primeira Fase 2020
81%
3 Camarões Ouro 2008
81%
9 Dinamarca Prata (3x) 2016
79%
3 Grécia Primeira Fase 2004
79%
8 Holanda Bronze (3x) 2008
79%
9 Hungria Ouro (3x) 1996
79%
3 Irã Quartas 1976
79%
3 Suíça Prata 2012
79%
6 Turquia Quartas 1960
79%
3 Costa Rica Quartas 2004
75%
4 Finlândia 4º Lugar 1980
75%
5 Honduras 4º Lugar 2020
75%
1 Ucrânia Primeira Fase 2024
75%
1 Coreia do Norte Quartas 1976
73%
2 Irlanda Quartas 1948
73%
4 Áustria Prata 1952
71%
2 Catar Quartas 1992
71%
2 Cuba Quartas 1980
71%
6 Iraque 4º Lugar 2024
71%
2 Peru Quartas 1960
71%
1 Senegal Quartas 2012
71%
2 Sérvia Primeira Fase 2008
71%
2 Argélia Quartas 2016
69%
6 Gana Quartas 2004
69%
1 Indonésia Quartas 1956
69%
5 Bulgária Prata 1968
67%
2 Costa do Marfim Quartas 2020
67%
1 Emirados Árabes Unidos Primeira Fase 2012
67%
4 Índia 4º Lugar 1960
67%
4 Romênia Quartas 2020
67%
1 Eslováquia Primeira Fase 2000
65%
3 Israel Quartas 2024
63%
6 União Soviética Ouro (2x) 1988
63%
4 Tunísia Primeira Fase 2004
60%
1 Lituânia Fase Preliminar 1924
58%
1 El Salvador Primeira Fase 1968
56%
1 Estônia Fase Preliminar 1924
56%
11 Iugoslávia Ouro 1988
56%
2 Tailândia Primeira Fase 1968
56%
1 Letônia Primeira Fase 1924
54%
3 Guatemala Quartas 1988
50%
5 Tchecoslováquia Ouro 1980
50%
1 Síria Primeira Fase 1980
48%
2 Zâmbia Quartas 1988
44%
2 Mali Quartas 2024
42%
1 Uzbequistão Primeira Fase 2024
38%
1 Fiji Primeira Fase 2016
37%
1 República Dominicana Primeira Fase 2024
37%
1 Sudão Primeira Fase 1972
35%
1 Gabão Primeira Fase 2012
31%
2 Guiné Primeira Fase 2024
31%
6 Luxemburgo Primeira Fase 1952
31%
1 Malásia Primeira Fase 1972
31%
1 Tchéquia Primeira Fase 2000
31%
1 Afeganistão Fase Preliminar 1948
29%
3 Kuwait Quartas 2000
27%
4 Alemanha Oriental Ouro 1980
21%
1 Birmânia Primeira Fase 1972
13%
1 Bielorússia Primeira Fase 2012
12%
1 Antilhas Neerlandesas Primeira Fase 1952
2%
Nenhum quiz correspondente encontrado
Distribuição das Pontuações
Porcentagem de Pessoas com Cada Pontuação
Percentil de Números Respondidos
Sua Pontuação Histórica
Você não jogou esse quiz